PRINCIPLES OF MANAGEMENT (Record no. 51084)
[ view plain ]
| 000 -LEADER | |
|---|---|
| fixed length control field | nam a22 7a 4500 |
| 003 - CONTROL NUMBER IDENTIFIER | |
| control field | OSt |
| 005 - DATE AND TIME OF LATEST TRANSACTION | |
| control field | 20211122132837.0 |
| 008 - FIXED-LENGTH DATA ELEMENTS--GENERAL INFORMATION | |
| fixed length control field | 211122b xxu||||| |||| 00| 0 eng d |
| 040 ## - CATALOGING SOURCE | |
| Transcribing agency | IIMT COLLEGE OF ENGINEERING,GREATER NOIDA |
| 100 ## - MAIN ENTRY--PERSONAL NAME | |
| Personal name | TRIPATHI,P.C. |
| 245 ## - TITLE STATEMENT | |
| Title | PRINCIPLES OF MANAGEMENT |
| 260 ## - PUBLICATION, DISTRIBUTION, ETC. | |
| Place of publication, distribution, etc. | NEW DELHI |
| Name of publisher, distributor, etc. | MGH |
| Date of publication, distribution, etc. | 2022 |
| 300 ## - PHYSICAL DESCRIPTION | |
| Extent | 474 |
| 942 ## - ADDED ENTRY ELEMENTS (KOHA) | |
| Source of classification or shelving scheme | |
| Koha item type | Book Bank |
| Withdrawn status | Lost status | Source of classification or shelving scheme | Damaged status | Not for loan | Home library | Current library | Date acquired | Cost, normal purchase price | Inventory number | Total Checkouts | Barcode | Date last seen | Price effective from | Koha item type |
|---|---|---|---|---|---|---|---|---|---|---|---|---|---|---|
| NOIDA IIMT College of Engineering MCA | NOIDA IIMT College of Engineering MCA | 11/22/2021 | 675.00 | IN2698/20/10/2021 | 22-B-4335 | 11/22/2021 | 11/22/2021 | Book Bank | ||||||
| NOIDA IIMT College of Engineering MCA | NOIDA IIMT College of Engineering MCA | 11/22/2021 | 675.00 | IN2698/20/10/2021 | 22-B-4336 | 11/22/2021 | 11/22/2021 | Book Bank | ||||||
| NOIDA IIMT College of Engineering MCA | NOIDA IIMT College of Engineering MCA | 11/22/2021 | 675.00 | IN2698/20/10/2021 | 22-B-4337 | 11/22/2021 | 11/22/2021 | Book Bank |

